Sturdy statistics: nonparametrics and order statistics (Record no. 16279)
[ view plain ]
| 000 -LEADER | |
|---|---|
| fixed length control field | 00494cam a2200169 4500 |
| 040 ## - CATALOGING SOURCE | |
| Transcribing agency | DLC |
| 082 ## - DEWEY DECIMAL CLASSIFICATION NUMBER | |
| Classification number | 519 ADD 1973 A084 Or. |
| 100 1# - MAIN ENTRY--AUTHOR NAME | |
| Personal name | Mosteller, Frederick, |
| 245 10 - TITLE STATEMENT | |
| Title | Sturdy statistics: nonparametrics and order statistics |
| 260 ## - PUBLICATION, DISTRIBUTION, ETC. (IMPRINT) | |
| Place of publication | Reading, Mass., |
| Name of publisher | Addison-Wesley Pub. Co. |
| Year of publication | [1973] |
| 300 ## - PHYSICAL DESCRIPTION | |
| Number of Pages | xv, 395 p. |
| Other physical details | illus. |
| Dimensions | 25 cm |
| 650 #0 - SUBJECT ADDED ENTRY--TOPICAL TERM | |
| Topical Term | Nonparametric statistics |
| 650 #0 - SUBJECT ADDED ENTRY--TOPICAL TERM | |
| Topical Term | Order statistics |
| 650 #2 - SUBJECT ADDED ENTRY--TOPICAL TERM | |
| Topical Term | Statistics as Topic |
| 700 1# - ADDED ENTRY--PERSONAL NAME | |
| Personal name | Rourke, Robert E. K |
| 942 ## - ADDED ENTRY ELEMENTS (KOHA) | |
| Koha item type | សៀវភៅភាសាអង់គ្លេស |
| 952 ## - LOCATION AND ITEM INFORMATION (KOHA) | |
| Withdrawn status [LOCAL, KOHA] | 0 |
| Permanent Location | Date acquired | Koha item type | Lost status | Shelving location | Barcode | Current Location | Full call number |
|---|---|---|---|---|---|---|---|
| Library Block A | 2018-01-29 | សៀវភៅភាសាអង់គ្លេស | A084 | A26385 | Library Block A | 519 ADD 1973 A084 Or. |